Διδακτική της πρώτης ανάγνωσης και γραφής : νέο διδακτικό μοντέλο πρώτης ανάγνωσης

Αποθηκεύτηκε σε:
Λεπτομέρειες βιβλιογραφικής εγγραφής
Κύριος συγγραφέας: Δερβίσης, Στέργιος Ν.
Μορφή: Βιβλίο
Γλώσσα:Greek
Δημοσίευση: Αθήνα : Gutenberg, 1998.
Σειρά:Παιδαγωγική σειρά
Θέματα:
Ετικέτες: Προσθήκη ετικέτας
Δεν υπάρχουν, Καταχωρήστε ετικέτα πρώτοι!

MARC

LEADER 00000cam a2200000 i 4500
001 1/14941
008 001219s1998 gr | ||| |||| ||gre||
020 |a 9600107769 
020 |a 9600107645 
035 |l 10065194 
040 |a GR-MY-UA  |b gre  |e aacr 
041 0 |a gre 
082 7 |a 372.4   |2 (22) 
100 1 |a Δερβίσης, Στέργιος Ν. 
245 1 0 |a Διδακτική της πρώτης ανάγνωσης και γραφής :   |b νέο διδακτικό μοντέλο πρώτης ανάγνωσης /   |c Στέργιος Ν. Δερβίσης.  
260 |a Αθήνα :   |b Gutenberg,   |c 1998.  
300 |a 150 σ. :   |b πίν. ;   |c 25 εκ.  
490 1 |a (Παιδαγωγική σειρά)  
500 |a Το τεκμήριο διαθέτει δύο σωστά ISBN.  
504 |a Βιβλιογραφία: σ. 147-150.  
650 0 0 |a Reading (Elementary) 
650 0 0 |a Penmanship. 
830 0 |a Παιδαγωγική σειρά 
852 |a INST  |b RHODES  |e 20001219  |h 372.4 ΔΕΡ  |p 005400017429  |q 005400017429  |t BK  |y 0 
852 |a INST  |b RHODES  |e 20080117  |h 372.4 ΔΕΡ  |p 005400030245  |q 005400030245  |t BK  |y 0 
901 |a BIBL4-2000-3 
909 |a Ρ  |b 081149 
909 |a Ρ  |b 128266 
922 |a 4ΕΛΗ  |b 200010  |c ΚΠΣ/Ν  |d ΠΑΠΑΣΩΤΗΡΙΟΥ 
970 |a ΚΟΥΛΑΚΙΟΤΗ  |b ΛΙΤΣΑ  |z 2000/12/19